Anagramme des joueurs passer par l'OM - Statistiques

Statistiques générales
  • Ce quiz a été pris 47 fois
  • Le résultat moyen est 12 sur 20
Statistiques - réponses
Hint Réponse % Correct
mangabeyau P-E Aubameyang
88%
polez Maxime Lopez
86%
hautinv Florian Thauvin
83%
luirl Geronimo Rulli
83%
guidounez Matteo Guendouzi
76%
typae Dimitri Payet
67%
damanadn Steve Mandanda
67%
sachemsdp Didier Deschamps
60%
goberhjj P-E Hojbjerg
60%
balaneuv Mathieu Valbuena
57%
rougii Amine Gouiri
55%
chenasz Alexis Sanchez
52%
byerir Franck Ribery
52%
orogenedw Mason Greenwood
48%
ignorer Valentin Rongier
48%
gangci A-P Gignac
45%
composa Lucas Ocampos
43%
labride Léo Balerdi
38%
sonnas Morgan Sanson
29%
balais William Saliba
29%
Aucun quiz correspondant
Distribution des résultats
% des personnes avec chaque résultat
Percentile par nombre de réponses
Votre historique - résultats
Vous n’avez pas pris ce quiz